| 000 | 02512cam a2200601Mi 4500 | ||
|---|---|---|---|
| 999 |
_c3780 _d3780 |
||
| 001 | ocn798382286 | ||
| 003 | OCoLC | ||
| 005 | 20180613134527.0 | ||
| 008 | 120314s2012 fr 000 0 fre | ||
| 016 | 7 |
_aFRBNF426245120000008 _2FrPBN |
|
| 020 |
_a9782296966802 _q(br) |
||
| 020 |
_a2296966802 _q(br) |
||
| 029 | 0 |
_aBDF _bFRBNF426245120000008 |
|
| 029 | 1 |
_aZWZ _b160327415 |
|
| 035 | _a(OCoLC)798382286 | ||
| 040 |
_aBDF _bfre _encafnor _cTZ-ArACH _dRUQBL _dCNMBL |
||
| 049 | _aTZAA | ||
| 050 | 1 | 4 | _aHF1418 .T74 |
| 082 | 0 | 4 |
_a337.1 _222 |
| 100 | 1 |
_aTshiyembe, Mwayila. _4aut |
|
| 245 | 1 | 0 |
_aRégionalisme et problèmes d'intégration économique : _bAléna, Mercosur, Union européenne, Union africaine / _cMwayila Tshiyembe. |
| 260 |
_aParis : _bHarmattan, _c2012 _e(14-Condé-sur-Noireau : _fImpr. Corlet numérique) |
||
| 300 |
_a1 vol. (206 p.) ; _c22 cm. |
||
| 490 | 0 | _aGéopolitique mondiale | |
| 500 | _aAléna = accord de libre-échange nord-américain. Mercosur = marché commun du Cône Sud. | ||
| 500 | _aBibliogr. p. 201-202. | ||
| 650 | 6 |
_aRégionalisme (Politique internationale) _913952 |
|
| 650 | 6 | _aRégionalisation économique. | |
| 650 | 6 |
_aRégionalisation économique _zAfrique. |
|
| 650 | 6 |
_aIntégration économique internationale. _912309 |
|
| 650 | 7 |
_aIntégration régionale. _2eclas _918638 |
|
| 650 | 7 |
_aIntégration économique. _2eclas _910208 |
|
| 650 | 7 |
_aALENA = Association de libre-échange Nord-américaine. _2eclas |
|
| 650 | 7 |
_aMercosur. _2eclas |
|
| 650 | 7 |
_aUnion africaine. _2eclas |
|
| 650 | 7 |
_aUEMOA = Union économique et monétaire ouest-africaine. _2eclas |
|
| 650 | 7 |
_aUE/CE Union européenne. _2eclas _914679 |
|
| 650 | 7 |
_aMondialisation. _2eclas |
|
| 650 | 7 |
_aRégionalisme (politique internationale) _2ram _913952 |
|
| 650 | 7 |
_aRégionalisation économique. _2ram |
|
| 650 | 7 |
_aIntégration économique internationale. _2ram _912309 |
|
| 650 | 7 |
_aIntégration économique régionale. _2rasuqam _916679 |
|
| 650 | 7 |
_aMondialisation. _2rasuqam |
|
| 650 | 7 |
_aRégionalisme. _2rasuqam |
|
| 651 | 6 |
_aAfrique _xIntégration économique. |
|
| 651 | 7 |
_aAfrique. _2rasuqam |
|
| 651 | 7 |
_aPays de l'Union européenne. _2rasuqam |
|
| 760 | 0 |
_tGéopolitique mondiale, _d2012 _x2102-2038 _w(FrPBN)41487659 |
|
| 856 | 4 | 2 |
_3Notice et cote du catalogue de la Bibliothèque nationale de France _uhttp://catalogue.bnf.fr/ark:/12148/cb42624512j |
| 886 | 1 |
_2intermrc _a009 _ba--d--------------- |
|
| 886 | 2 |
_2intermrc _a680 _b0- _a330 _b330 |
|
| 942 |
_2lcc _cBOOK |
||